000 00633cam a22002171 4500
001 l 12000008
003 DLC
005 20260227111526.0
008 930106s1911 be a 000 0 fre
010 _al 12000008
035 _a(OCoLC)27205310
040 _aDLC
_cCU
_dDLC
042 _apremarc
050 0 0 _aHA29
_b.J8
100 1 _aJulin, Armand,
_d1865-
245 0 0 _aPrécis du cours de statistique, générale et appliquée,
_cpar Armand Julin ...
250 _a3e éd.
260 _aBruxelles,
_bMisch & Thron; [etc., etc.]
_c1912 [1911]
300 _a2 p. l., [vii]-xvi, 252 p.
_billus.
_c21 cm.
650 0 _aStatistics.
999 _c35449
_d35449